MODERN METHODS OF ORGANIC SYNTHESIS (Record no. 22422)

MARC details
000 -LEADER
fixed length control field 00323nam a22001457a 4500
003 - CONTROL NUMBER IDENTIFIER
control field SGT
020 ## - INTERNATIONAL STANDARD BOOK NUMBER
International Standard Book Number 978-1-107-56745-0
082 ## - DEWEY DECIMAL CLASSIFICATION NUMBER
Classification number 547.2
Item number CAR
100 ## - MAIN ENTRY--PERSONAL NAME
Personal name CARRUTHERS, WILLAM
245 ## - TITLE STATEMENT
Title MODERN METHODS OF ORGANIC SYNTHESIS
250 ## - EDITION STATEMENT
Edition statement 4TH
260 ## - PUBLICATION, DISTRIBUTION, ETC. (IMPRINT)
Place of publication, distribution, etc U.K.
Name of publisher, distributor, etc CANBRIDGE
Year of Publication 2021
300 ## - PAGE DESCRIPTION
No. of Pages 493
942 ## - ADDED ENTRY ELEMENTS (KOHA)
Source of classification or shelving scheme Dewey Decimal Classification
Koha item type Books
Holdings
Withdrawn status Lost status Source of classification or shelving scheme Damaged status Not for loan Collection code Home library Current library Shelving location Date acquired Vendor Name Cost, normal purchase price SGTU Bill Number Full call number Accession No. (Barcode) Date last seen Bill Date Koha item type
    Dewey Decimal Classification   Not For Loan SCIENCE SGT Science & Social Sciences Library SGT Science & Social Sciences Library Reference Book 05/03/2022 ABC 750.00 SGTU 13842 547.2 CAR PS6644 05/03/2022   Books